Management accounting : (Record no. 345191)

000 -LEADER
fixed length control field 01440 a2200205 4500
020 ## - INTERNATIONAL STANDARD BOOK NUMBER
International Standard Book Number 0074714813
020 ## - INTERNATIONAL STANDARD BOOK NUMBER
International Standard Book Number 9780074714812
090 ## - LOCALLY ASSIGNED LC-TYPE CALL NUMBER (OCLC); LOCAL CALL NUMBER (RLIN)
-- 2700
-- 2700
100 1# - MAIN ENTRY--PERSONAL NAME
Personal name Langfield-Smith, Kim.
245 10 - TITLE STATEMENT
Title Management accounting :
Remainder of title information for managing and creating value /
Statement of responsibility, etc. Kim Langfield-Smith.
250 ## - EDITION STATEMENT
Edition statement 4th ed.
260 ## - PUBLICATION, DISTRIBUTION, ETC.
Place of publication, distribution, etc. [S.l.] :
Name of publisher, distributor, etc. McGraw Hill Higher Education,
Date of publication, distribution, etc. 2005.
300 ## - PHYSICAL DESCRIPTION
Extent 1 v. (unpaged) ;
Dimensions 25 cm.
500 ## - GENERAL NOTE
General note Paperback.
520 ## - SUMMARY, ETC.
Summary, etc. "Management Accounting" offers information for managing and creating value. Written by highly respected author team Kim Langfield-Smith and Helen Thorne, "Management Accounting, 4e" explains the contemporary role of management accounting in organisations - supporting a company's quest for creating and enhancing value for its shareholders. This edition retains its strategic approach, a clear writing style, and a wealth of Australian and regional cases. From 2008, this title is also available with Homework Manager - a powerful and flexible assignment and course management tool for lecturers. This text is suitable for the one- or two-semester undergraduate course, as well as the MBA management accounting course.
700 1# - ADDED ENTRY--PERSONAL NAME
Personal name Thorne, Helen.
856 40 - ELECTRONIC LOCATION AND ACCESS
Materials specified Amazon.com
Uniform Resource Identifier <a href="http://www.amazon.com/exec/obidos/ASIN/0074714813/chopaconline-20">http://www.amazon.com/exec/obidos/ASIN/0074714813/chopaconline-20</a>
856 40 - ELECTRONIC LOCATION AND ACCESS
Materials specified Amazon customer reviews
Uniform Resource Identifier <a href="http://www.chopac.org/cgi-bin/tools/azrev.pl?q=0074714813">http://www.chopac.org/cgi-bin/tools/azrev.pl?q=0074714813</a>
942 ## - ADDED ENTRY ELEMENTS (KOHA)
Institution code [OBSOLETE] NBS
Koha item type Book
Call number prefix 658.1511 LAN
Holdings
Withdrawn status Lost status Damaged status Not for loan Permanent Location Current Location Date acquired Total Checkouts Full call number Barcode Date last seen Date last checked out Price effective from Koha item type
        Central Library (CL) Central Library (CL) 08/28/2013 2 658.1511 LAN NBS8203 01/08/2024 02/20/2019 08/28/2013 Book
© 2023 Central Library, National University of Sciences and Technology. All Rights Reserved.